[Event "OP-2010-0-01046"]
[Site "LSS email"]
[Date "2010.01.14"]
[Round "?"]
[White "Ingram, Kip"]
[Black "Campbell, John"]
[Result "1/2-1/2"]
[WhiteElo "800"]
[BlackElo "1458"]
[PlyCount "121"]
[EventDate "2010.01.07"]
[EventType "tourn (corr)"]
[EventRounds "4"]
[EventCountry "GER"]
[SourceTitle "Telechess CBM 137"]
[Source "ChessBase"]
[SourceDate "2010.07.15"]
[SourceVersion "1"]
[SourceVersionDate "2010.07.15"]
[SourceQuality "1"]

1. e4 c5 2. Nf3 Nc6 3. d4 cxd4 4. Nxd4 e6 5. Nc3 a6 6. Be3 Nf6 7. Nxc6 bxc6 8. Qd4 c5 9. Qa4 Rb8 10. 0-0-0 Qb6 11. Qb3 Qxb3 12. axb3 Be7 13. Be2 d6 14. Bf4 e5 15. Bg5 0-0 16. Bxf6 gxf6 17. Nd5 Bd8 18. Bc4 a5 19. Ne3 Bc7 20. f4 exf4 21. Nd5 Bd8 22. Nxf4 f5 23. exf5 Bxf5 24. Rxd6 Bc7 25. Rf6 Bxf4+ 26. Kb1 Bxc2+ 27. Kxc2 Be5 28. Rf5 Bd4 29. Ra1 Ra8 30. Rd5 Kg7 31. Rd7 Rad8 32. Re7 Bf6 33. Rc7 Bg5 34. Bd3 Rd6 35. Rxc5 Be3 36. Re5 Bb6 37. Rf1 Rc8+ 38. Bc4 Rc7 39. Ref5 f6 40. Re1 Kg6 41. Rf3 Bd4 42. Rh3 Be5 43. Rh4 h5 44. Re3 Rcd7 45. Bd3+ Kg5 46. g3 Rd4 47. Rxd4 Rxd4 48. h3 h4 49. gxh4+ Kxh4 50. Rf3 Rf4 51. Rxf4+ Bxf4 52. Bf5 Kg5 53. Bd7 Be5 54. Kd3 f5 55. Ke3 Bxb2 56. Kf3 Bc3 57. h4+ Kxh4 58. Bxf5 Kg5 59. Ke4 Kf6 60. Bg4 Bb2 61. Kd3 1/2-1/2

[Event "OP-2010-0-01046"]
[Site "LSS email"]
[Date "2010.01.14"]
[Round "?"]
[White "Nyeste, Gyula"]
[Black "Ingram, Kip"]
[Result "0-1"]
[WhiteElo "800"]
[BlackElo "800"]
[PlyCount "64"]
[EventDate "2010.01.07"]
[EventType "tourn (corr)"]
[EventRounds "4"]
[EventCountry "GER"]
[SourceTitle "Telechess CBM 137"]
[Source "ChessBase"]
[SourceDate "2010.07.15"]
[SourceVersion "1"]
[SourceVersionDate "2010.07.15"]
[SourceQuality "1"]

1. b3 e5 2. Bb2 Nc6 3. e4 Nf6 4. d3 d5 5. Qe2 Bc5 6. Nf3 d4 7. c4 0-0 8. Bc1 Qe7 9. Bg5 Bb4+ 10. Nbd2 Bc3 11. Rb1 Qa3 12. Qd1 Qxa2 13. Be2 Nh5 14. 0-0 f6 15. Bh4 g5 16. Bg3 g4 17. Nh4 Qxd2 18. f3 gxf3 19. Bxf3 Nxg3 20. hxg3 a5 21. Bg4 Qxd1 22. Bxd1 Nb4 23. Rf3 Bg4 24. Rf1 h5 25. Bxg4 hxg4 26. Rf5 Nxd3 27. Rbf1 Ra6 28. Ng6 Rf7 29. Rd1 Nc5 30. Rdf1 d3 31. Nxe5 Bd4+ 32. Kh1 Rh7+ 0-1